| 000 | 00489nam a2200169 i 4500 | ||
|---|---|---|---|
| 001 | 51055 | ||
| 003 | ES-MaACL | ||
| 005 | 20230906162304.0 | ||
| 007 | t| | ||
| 008 | 030808s1959 sp ||||1| spa d | ||
| 100 | 1 |
_aCushman, Dan. _942263 |
|
| 245 | 1 | 3 |
_aLa montaña de plata / _cpor Dan Cushman ; [traducción de Baldomero Porta]. |
| 260 |
_aBarcelona : _bBruguera, _c[1959] |
||
| 300 |
_a419 p. ; _c21 cm. |
||
| 700 | 1 |
_aPorta, Baldomero. _993173 |
|
| 852 |
_aES-MaACL _jC-16968 _bR.45299 |
||
| 999 |
_c51055 _d51055 |
||